000 00823nam a2200241Ia 4500
001 dia_3877
003 CHAP
005 20251029154210.0
008 220117s1999 xx 000 0 und d
010 _a174484
040 _cCHAP
_amxchpua
090 _aFOLLETO 2614
100 _aEspinosa Solares, Teodoro
_937994
245 _aCristalización : manual del trabajador etapa intensiva y extensiva /
_c Teodoro Espinosa Solares
260 _aMéxico :
_b Consejo de Normalización y Certificación de Competencia Laboral (Conocer),
_c1999
300 _a124 p.
500 _aS/c \La biblioteca tiene etapa extensiva
650 _aIndustria azucarera
_xCapacitación
_9155515
901 _aFOLLETO 2614
902 _aM
905 _a0000001999 mx A 0000000000spa00
942 _cFOLL
_2local
999 _c174484
_d174484